00480 2200205 4500001002100000008004100021035002000062245003700082100001200119250000600131260004200137300001100179084001400190082000800204650001400212990001200226990001200238990001200250990001200262INLIS000000000000568 ind  a0010-0424000544 aRekaman Audio di StudiocSudibyo aSudibyo a1 aKlaten :bSaka Mitra Kompetensic2013 a60 hlm a600 SUD r a600 aNon Fiksi a0722300 a0722301 a0722302 a0722303